00549 2200181 4500001002100000005001500021035002000036007000300056008004100059020002200100082001100122084001700133100001400150245007100164260007800235300004200313650001200355INLIS00000000000020920231030111335 a0010-1023000145ta231030 g 0 ind  a978-602-95497-3-7 a633.34 a633.34 SUH p0 aSuhartina1 aPanduan Roguing Tanaman dan Pemeriksaan Benih Kedelai /cSuhartina aMalang :bBalai Penelitian Tanaman Kacang-kacangan dan Umbi-umbian,c2012 avi, 42 hlm. :bilus, ;c15 cm x 21 cm 4aKedelai